000 00853nam a2200253Ia 4500
003 OSt
005 20220926010437.0
006 a|||||r|||| 00| 0
007 ta
008 220923b |||||||| |||| 00| 0 eng d
020 _a9788126516599
_c254.15000000000001
037 _bDL/INV-CONF/08-06004, 17/03/2009, Atlantic Publisher & Distributers
_cGeneral Book
040 _aRTL
_cRTL
_beng
041 _2eng
_aeng
082 _aX65:515, P8
100 _aPARASURAMAN N R
_9312306
245 0 _aFundamentals of financial derivatives.
260 _a New Delhi
_bWiley India
_c2008
300 _axviii, 254p.
_ccm.
500 _aBibliography: P 245-51
650 _aEconomics
942 _hX65:515, P8
_cGB
_2CC
999 _c617269
_d617269